00361nam a2200145Ia 4500008004100000020001800041041000800059082001300067100001600080245005200096260002700148300000800175365001600183700001600199230718s9999 xx 000 0 und d a9789350293843 aeng a081bROG aRogak L.Ed. aImpatient OptimistbBill Gates In His Own Words c2012bCollins Business a182 cRs.b199.00 aRogak L.Ed.